Central Library OPAC University of Rajshahi

Titrimetric organic analysis / (Record no. 13910)

MARC details
000 -LEADER
fixed length control field 00995nam a22003011 4500
001 - CONTROL NUMBER
control field 13910
003 - CONTROL NUMBER IDENTIFIER
rucl marc code BD-RjUL
005 - DATE AND TIME OF LATEST TRANSACTION
control field 20211208235533.0
008 - FIXED-LENGTH DATA ELEMENTS--GENERAL INFORMATION
fixed length control field 140203t1965 nyu b 001 0 eng
035 ## - SYSTEM CONTROL NUMBER
System control number (BD-RjUL)13962
040 ## - CATALOGING SOURCE
Original cataloging agency DLC/ICU
Transcribing agency ICU
Modifying agency DLC
-- BD-RjUL
Language of cataloging eng
041 ## - LANGUAGE CODE
Language code of text/sound track or separate title eng
082 00 - DEWEY DECIMAL CLASSIFICATION NUMBER
Classification number 547.355
Edition number 16
Author mark and year AST 1965
100 1# - MAIN ENTRY--PERSONAL NAME
Personal name Ashworth, M. R. F.
Fuller form of name (Michael Raymond Frederick)
9 (RLIN) 31300
245 10 - TITLE STATEMENT
Title Titrimetric organic analysis /
Statement of responsibility, etc. [by] M.R.F. Ashworth.
Number of part/section of a work Part II :
Name of part/section of a work Indirect Methods
260 ## - PUBLICATION, DISTRIBUTION, ETC. (IMPRINT)
Place of publication, distribution, etc. New York :
Name of publisher, distributor, etc. Interscience Publishers,
Date of publication, distribution, etc. c1965.
300 ## - PHYSICAL DESCRIPTION
Pagination V-2 (xix, 1023 p.) ;
Size 24 cm.
490 1# - SERIES STATEMENT
Series statement Chemical analysis,
Volume/sequential designation v. 15
504 ## - BIBLIOGRAPHY, ETC. NOTE
Bibliography, etc Includes bibliographical reference and index.
505 0# - FORMATTED CONTENTS NOTE
Formatted contents note pt. 1. Direct methods.--pt. 2. Indirect methods.
650 #0 - SUBJECT ADDED ENTRY--TOPICAL TERM
Topical term or geographic name as entry element Volumetric analysis.
9 (RLIN) 15221
Topical term or geographic name as entry element Chemistry, Organic.
9 (RLIN) 43471
830 #0 - SERIES ADDED ENTRY--UNIFORM TITLE
Volume number/sequential designation v. 15.
Uniform title Chemical analysis ;
942 ## - ADDED ENTRY ELEMENTS (KOHA)
Source of classification or shelving scheme Dewey Decimal Classification
Koha item type Books
Holdings
Lost status Source of classification or shelving scheme Materials specified (bound volume or other part) Damaged status Not for loan Collection code Permanent Location Current Location Shelving location Date acquired Source of acquisition Cost, normal purchase price Total Checkouts Full call number Date last seen Copy number Koha item type
  Dewey Decimal Classification V-2   Not For Loan Non-fiction Central Library, University of Rajshahi Central Library, University of Rajshahi Reading Room 12/05/1977 W.heffers and Song 62.45   547.355 AST 1965 03/02/2014 C-1 Books